000 00933nam a2200301Ia 4500
003 OSt
005 20220912145114.0
006 a|||||r|||| 00| 0
007 ta
008 220909b |||||||| |||| 00| 0 eng d
020 _a0486464210 (pbk)
024 _a79600
037 _b0002004, 10/02/2010, Narosa Book Distributors Pvt. Ltd.
037 _cTextual
040 _aCSL
_beng
_cCSL
041 _aeng
082 _aB31, J5;2
100 _aRiesz Frigyes
245 0 _aFunctional analysis
260 _aNew York
_bDover Publications
_c1990
300 _axii,503p.
_ccm.
500 _aBibliography 447-456p; Appendix 457-490p; Index 493-503p
650 _a Functional analysis
650 _aMathematics
700 _a Szokefalvi-Nagy Bela
942 _hB31, J5;2
_cTEXL
_2CC
999 _c23296
_d23296